000 00261nam a2200109Ia 4500
008 200302s9999 xx 000 0 und d
100 _aRame Gowda
245 _aUrban and Planning
260 _bPrasaranga University of Mysore
260 _c1972
300 _a245 P.,
999 _c5247
_d5247